| 000 | 01352nam a2200277 i 4500 | ||
|---|---|---|---|
| 001 | bg | ||
| 245 | 0 | 0 |
_aOcena stanu środowiska i procesów zachodzących w lasach zlewni potoku Ratanica (Pogórze Wielickie, Polska południowa) = _bEnvironmental assessment and biogeochemistry of a moderately polluted Ratanica catchment (southern Poland) / _cred. Krystyna Grodzińska, Ryszard Laskowski ; zespół aut. Barbara Godzik [et al. ; Państwowa Inspekcja Ochrony Środowiska, Instytut Botaniki im. W. Szafera PAN - Polskiej Akademii Nauk, Instytut Biologii Środowiskowej UJ - Uniwersytetu Jagiellońskiego]. |
| 260 |
_aWarszawa : _bPIOŚ, _c1996. |
||
| 300 |
_a143 s. : _bfot. (w tym kolor.), mapy, rys., wykr. ; _c24 cm. |
||
| 490 | 1 | _aBiblioteka Monitoringu Środowiska | |
| 504 | _aBibliogr. s. 133-139. - Summ. | ||
| 650 | 9 |
_aLas _xhigiena i ochrona _zPolska |
|
| 650 | 9 |
_aPotoki górskie _xhigiena i ochrona _zPolska |
|
| 651 | 9 |
_aRatanica (dorzecze) _xhigiena |
|
| 700 | 1 |
_aGRODZIŃSKA, Krystyna. _eRed. |
|
| 700 | 1 |
_aLASKOWSKI, Ryszard. _eRed. |
|
| 700 | 1 | _aGODZIK, Barbara. | |
| 830 | _aBiblioteka Monitoringu Środowiska | ||
| 020 |
_a8386676973 (popr.) _z86676-97-3 |
||
| 040 | _cBPK | ||
| 041 | 0 |
_apl _ben |
|
| 080 | _a504.4/.5.05(438) | ||
| 920 | _a83-86676-97-3 (popr.) | ||
| 942 | _cKS | ||
| 008 | s pl f |000 0 pol | ||
| 999 |
_c31153 _d31153 |
||
| 856 |
_uhttp://koha.tu.koszalin.pl/cgi-bin/koha/opac-detail.pl?biblionumber=31153 _yKatalog online BPK |
||